000 00907nam a22002294aa4500
003 BOFEUTO
005 20260512115537.0
008 t2025 bo gr 000 f spa d
040 _6BOFEUTO
_aBOFEUTO
_cBOFEUTO
041 _aspa
044 _abo
082 _aTE6290
_bF628
100 _aFlores Rojas, Lorena Nicole
_eautor
245 _aResponsabilidad social Empresarial para la Empresa Comercializadora Maximeatal de la Comunidad de Vichuoma .
_cLorena Nicole Flores Rojas ; autor
260 _aOruro :
_bs/n ;
_c2025 .
300 _a211 hojas :
_bgráf, tab. ;
500 _aIncluye bibliografía, anexos.
502 _aTesis Dirigida, (Licenciatura) -- Universidad Técnica de Oruro, Facultad de Ciencias Económicas, Financieras y Administrativas, Carrera Administración de Empresas, 2025.
650 _aResponsabilidad Social
700 _aRojas Paredes, Clara
_etutor
942 _2ddc
_cTE
_n0
999 _c16141
_d16141